000 00584nam a2200193 a 4500
001 000011017
005 20240412074222.0
008 091013s1998 dr 001 p spa d
040 _aDO-SdBNP
_bspa
_cBNPHU
082 _aRD861.44
_bT693r
100 1 _aTorres, Alfonso
_926456
245 1 0 _aRespiraciones del alma /
_cAlfonso Torres.
260 _aSanto Domingo :
_bPerdomo,
_c1998.
300 _a61 p. ;
_c21 cm.
500 _aIncluye datos biográficos del autor en la contracubierta.
650 0 _aPoesía dominicana
_966
650 0 _aLiteratura dominicana.
_967
049 _aBNPD
999 _c10755
_d10755